Länder nach Duschgels #5 - Statistiken

Allgemein
  • Dieses Quiz wurde 24 mal gespielt
  • Das Durchschnittsergebnis liegt bei 7 aus 10
Antwortstatistiken
Bildquiz Antwort % Korrekt
Libanon
90%
Südkorea
90%
Irland
81%
Tunesien
76%
Haiti
71%
Jordanien
67%
Nicaragua
62%
Pakistan
62%
Palau
52%
Gambia
43%
Keine übereinstimmenden Quizze gefunden
Verteilung der Resultate
Anzahl Personen mit jedem Resultat
Perzentil nach korrekt beantworteten Fragen
Ihre Resultats-Entwicklung
Sie haben dieses Quiz noch nicht gespielt